000 00537nam a22001937a 4500
005 20251108172820.0
008 250721s2004 xx 000 0 ara d
082 1 4 _a612.63/كتا
100 1 _aكتاني، منذر ابراهيم علي
245 1 0 _aالحمل و الولادة /
264 1 _aاربد :
_bالمؤلف،
_c2004.
300 _a165 ص
650 1 7 _aالحمل
650 1 7 _aالمرأة الحامل
650 1 7 _aرعاية الحوامل
650 1 7 _aالولادة
942 _2ddc
_cBK
999 _c89160
_d89160